Statistics for Top 30 NFL Wide Receivers 2022

Click here to take the quiz!

General Stats

  • This quiz has been taken 2,045 times
  • The average score is 26 of 30

Answer Stats

HintAnswer% Correct
1. RamsCooper Kupp
99%
2. RaidersDavante Adams
99%
3. VikingsJustin Jefferson
99%
4. DolphinsTyreek Hill
99%
6. BengalsJamaar Chase
98%
8. BillsStefon Diggs
98%
11. EaglesAJ Brown
96%
5. 49ersDeebo Samuel
96%
10. SeahawksDK Metcalf
96%
14. BucaneersMike Evans
96%
7. CardinalsDeandre Hopkins
95%
29.CardinalsMarquise Brown
94%
13. ChargersKeenan Allen
93%
30. LionsAmon-Ra St. Brown
92%
22. CowboysCeeDee Lamb
92%
21. DolphinsJaylen Waddle
92%
19. BrownsAmari Cooper
90%
9. BucaneersChris Godwin
89%
12. CommandersTerry McLaurin
89%
18. SeahawksTyler Lockett
89%
16. SaintsMichael Thomas
87%
25. BengalsTee Higgins
87%
20. VIkingsAdam Thielen
86%
15. PanthersDJ Moore
85%
24. ChargersMike Williams
81%
26. ColtsMichael Pittman Jr.
80%
17. SteelersDiontae Johnson
78%
23. RaidersHunter Renfrow
73%
28. TitansRobert Woods
55%
27. RamsAllen Robinson
51%

Score Distribution

Percentile by Number Answered

Percent of People with Each Score

Your Score History

You have not taken this quiz